Annie's temptation / Katherine St. Clair.
Available copies
- 1 of 1 copy available at LARL/NWRL Consortium.
Current holds
0 current holds with 1 total copy.
Show Only Available Copies
| Location | Call Number / Copy Notes | Barcode | Shelving Location | Status | Due Date |
|---|---|---|---|---|---|
| Godel Memorial-Warren Library | lp C STC (Text) | 35500006922817 | New | Available | - |
Record details
- ISBN: 1720888604
- ISBN: 9781720888604
- Physical Description: 108 pages (large print) ; 23 cm
- Publisher: [United States] : Independently published, [2018]
Content descriptions
| General Note: | "An historical western romance"--T.p. |
| Summary, etc.: | "Annie and Patrick fell in love when they thought ... Read More |
Search for related items by subject
| Subject: | Man-woman relationships > Fiction. Large type books. Large type books |
| Genre: | Romance fiction Christian fiction. Romance fiction. Christian fiction. Historical fiction. Large print books. |
Search for related items by series
| LDR | 00634cam a22002053 4500 | ||
|---|---|---|---|
| 001 | 481034 | ||
| 003 | LARL_NWRL_CONSORTIUM | ||
| 005 | 20260224141213.0 | ||
| 008 | 250618s2018 xx d 0|| 0 eng d | ||
| 040 | . | ‡aYDX ‡beng ‡cYDX ‡dOCLCO ‡dOCLCQ | |
| 020 | . | ‡a1720888604 | |
| 020 | . | ‡a9781720888604 | |
| 035 | . | ‡a(OCoLC)1523851737 | |
| 100 | 1 | . | ‡aSt. Clair, Katherine, ‡eauthor. |
| 245 | 1 | 0. | ‡aAnnie's temptation / ‡cKatherine St. Clair. |
| 264 | 1. | ‡a[United States] : ‡bIndependently published, ‡c[2018] | |
| 300 | . | ‡a108 pages (large print) ; ‡c23 cm | |
| 336 | . | ‡atext ‡btxt ‡2rdacontent | |
| 337 | . | ‡aunmediated ‡bn ‡2rdamedia | |
| 338 | . | ‡avolume ‡bnc ‡2rdacarrier | |
| 340 | . | ‡nlarge print ‡2rdafs | |
| 490 | 0 | . | ‡aUnder a Texas sky |
| 500 | . | ‡a"An historical western romance"--T.p. | |
| 520 | . | ‡a"Annie and Patrick fell in love when they thought a life together was impossible. With marriage came a blissful happiness beyond what they ever thought possible. Their bubble of happiness was short lived when Annie lost her first pregnancy. As Annie struggles to process such an incredible loss, she begins pushing Patrick away. Pouring herself into her work with animals at Dr. Gornelle’s she manages to cut herself off from everyone dear in her life. When Dr. Gornelle takes a nasty fall and calls his handsome young nephew in to help out in his veterinary practice, Annie is taken by surprise. With grace and polish cultivated by a big city, Arthur Gornelle is immediately attracted to Annie’s undeniable beauty and bubbly personality." --Amazon. | |
| 650 | 0. | ‡aMan-woman relationships ‡vFiction. ‡0(LARL_NWRL_CONSORTIUM)165985 | |
| 650 | 0. | ‡aLarge type books. ‡0(LARL_NWRL_CONSORTIUM)24284 | |
| 650 | 7. | ‡aLarge type books ‡2fast ‡0(LARL_NWRL_CONSORTIUM)24284 | |
| 655 | 7. | ‡aRomance fiction ‡2fast | |
| 655 | 7. | ‡aChristian fiction. ‡2gsafd | |
| 655 | 7. | ‡aRomance fiction. ‡2lcgft | |
| 655 | 7. | ‡aChristian fiction. ‡2lcgft | |
| 655 | 7. | ‡aHistorical fiction. ‡2lcgft | |
| 655 | 7. | ‡aLarge print books. ‡2lcgft | |
| 901 | . | ‡a481034 ‡bAUTOGEN ‡c481034 ‡tbiblio | |

Add to basket
Permalink
Disable Highlighting